| 000 | 01802nam a2200349 a 4500 | ||
|---|---|---|---|
| 999 |
_c328371 _d328371 |
||
| 003 | BLK | ||
| 005 | 20250214132542.0 | ||
| 008 | 190118b bu a|||br|||| 00| 0 bu d | ||
| 020 | _a9786191993673 | ||
| 040 | _aBLK | ||
| 041 |
_aBUL _cBUL |
||
| 080 |
_aПриготвяне на храна(общи въпроси). Рецепти. Готварски книги _b641.55 _z641.55 |
||
| 100 |
_9343356 _aУот, Фиона _eпърви автор |
||
| 139 |
_aУот, Фиона _bУ 70 |
||
| 245 |
_aМоята първа готварска книга _cФиона Уат ; рецепти Катрин Аткинсън ... [и др.] ; ил. Стивън Картрайт, Моли Сейдж ; фотогр. Хауърд Олман ; прев. Албена Раленкова. |
||
| 260 |
_9209475 _aСофия _bФют _c2018 _fРопринт |
||
| 300 |
_a48 с. _bс цв. ил. _c27 см |
||
| 380 | _aDX | ||
| 500 | _aОриг. загл.: Children's cookbook Други авт. на рецепти: Роз Дени, Джулия Кирби Джоунс Възприета форма на името на ил. Хауърд Оуман е Хауърд Оумън | ||
| 650 | 7 |
_9152335 _aГотварство |
|
| 650 | 7 |
_9153133 _aДеца |
|
| 700 |
_91478 _aАткинсън, Катрин _eсъстав. |
||
| 700 |
_91478 _aДени, Роз _eсъстав. |
||
| 700 |
_91478 _aКирби-Джоунс, Джулия _eсъстав. |
||
| 700 |
_aРаленкова, Албена Василева _d1968 - _gПреводач от английски и френски език. _9368050 |
||
| 852 |
_aЦб ІІ 23309 _bЦб |
||
| 852 |
_bД _c62/У 70 Ф |
||
| 942 |
_cKNG _n0 _s1 _011 |
||
| 944 |
_aCR _c2019-01-18 _k30564 _lАнна Гръцманова |
||
| 999 | _d328371 | ||
| 999 | _d328371 | ||